| 000 | 005370000a22001930004500 | ||
|---|---|---|---|
| 020 | _a0-87784-609-X | ||
| 041 | 0 | _aENG | |
| 082 | 0 | 4 | _aG 255 G4751p |
| 100 | 1 | _aGill, David W. (1946-) | |
| 245 | 1 | 0 | _aPeter the rock : Extraordinary insights from an ordinary man / David W. Gill |
| 260 | _aDowners Grove, ILL., USA : InterVarsity | ||
| 300 | _a206 Pag | ||
| 650 | 1 | 4 | _aPEDRO (APOSTOL) |
| 001 | 2587 | ||
| 942 | _cBK | ||
| 999 |
_c33393 _d33393 |
||
| 336 |
_atexto _btxt _2rdacontent |
||
| 337 |
_2rdamedia _asin mediación _bn |
||
| 338 |
_2rdacarrier _avolumen _bnc |
||